[Event "GER-ch international (Women)"]
[Site "Bodenmais"]
[Date "2018.08.04"]
[Round "8"]
[White "Zwetz, Anita"]
[Black "Wolff, Beate"]
[Result "1-0"]
[WhiteElo "1828"]
[BlackElo "1266"]
[PlyCount "85"]
[EventDate "2018.07.28"]
[EventType "swiss"]
[EventRounds "9"]
[EventCountry "GER"]
[SourceTitle "EXT 2019"]
[Source "ChessBase"]
[SourceDate "2018.10.10"]
[SourceVersion "1"]
[SourceVersionDate "2018.10.10"]
[SourceQuality "1"]

1. d4 d5 2. Nf3 Nf6 3. Bf4 Nbd7 4. e3 c6 5. Nbd2 e6 6. Bd3 Be7 7. Ne5 0-0 8. Qf3 c5 9. c3 Qb6 10. Rb1 c4 11. Bc2 a6 12. g4 g6 13. h4 Nxe5 14. dxe5 Nd7 15. g5 Nc5 16. Ke2 Nd3 17. h5 Nxf4+ 18. Qxf4 Qd8 19. Rbg1 b5 20. hxg6 fxg6 21. Qh4 Rf7 22. Bxg6 Rg7 23. Bxh7+ Kf8 24. f4 Ke8 25. Qh6 Bf8 26. Qh5+ Kd7 27. Rd1 Kc6 28. Ne4 Raa7 29. Nf6 Rae7 30. Qf3 Kb6 31. e4 Bb7 32. Qe3+ Ka5 33. exd5 Qb6 34. Qxb6+ Kxb6 35. d6 Bxh1 36. dxe7 Rxe7 37. Rxh1 Rc7 38. Be4 Bc5 39. Rh7 b4 40. Rxc7 Kxc7 41. g6 Bf8 42. cxb4 Bg7 43. Ne8+ 1-0

[Event "Bayern-ch (Women)"]
[Site "Rosenheim"]
[Date "2014.08.27"]
[Round "7"]
[White "Billing, Kerstin"]
[Black "Zwetz, Anita"]
[Result "1-0"]
[WhiteElo "1679"]
[BlackElo "1924"]
[PlyCount "79"]
[EventDate "2014.08.23"]
[EventType "tourn"]
[EventRounds "9"]
[EventCountry "GER"]
[SourceTitle "EXT 2015"]
[Source "ChessBase"]
[SourceDate "2014.11.20"]
[SourceVersion "1"]
[SourceVersionDate "2014.11.20"]
[SourceQuality "1"]

1. e4 e6 2. d4 d5 3. exd5 exd5 4. Be2 Bd6 5. Nf3 Nf6 6. Bg5 h6 7. Bh4 Bg4 8. Ne5 Bxe2 9. Qxe2 0-0 10. 0-0 c6 11. f4 Re8 12. Qf3 Be7 13. Nd2 Nbd7 14. c3 Nf8 15. Rae1 Qd6 16. Bg3 Qc7 17. Bh4 N8h7 18. Bg3 Bd6 19. h4 Re7 20. h5 Rae8 21. Bh4 c5 22. Nb3 c4 23. Nc1 b5 24. g4 Re6 25. Qg2 Kh8 26. Kh1 Bxe5 27. fxe5 Ne4 28. Re3 Qd7 29. Ref3 Nhg5 30. Bxg5 Nxg5 31. Rf5 a5 32. Ne2 R6e7 33. Nf4 Ne4 34. Qh3 Kg8 35. Qg2 Qb7 36. Nh3 f6 37. Nf4 fxe5 38. Ng6 Rc7 39. Rf8+ Rxf8 40. Rxf8+ 1-0

[Event "Bad Woerishofen Seniors op 30th"]
[Site "Bad Woerishofen"]
[Date "2014.03.21"]
[Round "1"]
[White "Hartlaub, Marianne"]
[Black "Zwetz, Anita"]
[Result "0-1"]
[WhiteElo "1596"]
[BlackElo "1897"]
[PlyCount "92"]
[EventDate "2014.03.21"]
[EventType "swiss"]
[EventRounds "9"]
[EventCountry "GER"]
[SourceTitle "EXT 2019"]
[Source "ChessBase"]
[SourceDate "2018.10.10"]
[SourceVersion "1"]
[SourceVersionDate "2018.10.10"]
[SourceQuality "1"]

1. Nf3 d5 2. c4 e6 3. g3 Nf6 4. Bg2 Bd6 5. 0-0 Nbd7 6. cxd5 exd5 7. d4 0-0 8. Nc3 c6 9. Re1 Re8 10. a3 h6 11. b4 a6 12. Bb2 Nb6 13. Nd2 Bg4 14. h3 Bf5 15. Rc1 Bc7 16. a4 Qd7 17. Kh2 Ne4 18. Ncxe4 dxe4 19. e3 Nd5 20. Ba3 Re6 21. Nb3 Rg6 22. Nc5 Qe7 23. f4 exf3 24. Qxf3 Rxg3 25. Qxg3 Bxg3+ 26. Kxg3 Qg5+ 27. Kh2 Nxe3 28. Re2 Nxg2 29. Rxg2 Qf4+ 30. Kg1 Qe3+ 31. Rf2 Qg3+ 32. Rg2 Qxa3 33. Rd1 Bxh3 34. Rd3 Qc1+ 35. Kh2 Bxg2 36. Kxg2 Qb2+ 37. Kf3 Qxb4 38. Ke3 Re8+ 39. Kf4 b6 40. Nxa6 Qd6+ 41. Kf3 Qf6+ 42. Kg3 Qg5+ 43. Kf2 Qf5+ 44. Rf3 Qc2+ 45. Kg3 Re2 46. Nb4 Qg6+ 0-1

[Event "Bayern-ch (Women)"]
[Site "Westerndorf St Peter"]
[Date "2013.08.30"]
[Round "9"]
[White "Gremer, Kathrin"]
[Black "Zwetz, Anita"]
[Result "0-1"]
[WhiteElo "1781"]
[BlackElo "1890"]
[PlyCount "85"]
[EventDate "2013.08.25"]
[EventType "swiss"]
[EventRounds "9"]
[EventCountry "GER"]
[SourceTitle "EXT 2019"]
[Source "ChessBase"]
[SourceDate "2018.10.10"]
[SourceVersion "1"]
[SourceVersionDate "2018.10.10"]
[SourceQuality "1"]

1. e4 e6 2. d4 d5 3. exd5 exd5 4. Nf3 Nf6 5. Be2 Bd6 6. Bg5 0-0 7. Nc3 c6 8. 0-0 Bg4 9. Re1 Nbd7 10. Nh4 Bxe2 11. Nxe2 Qc7 12. h3 Ne4 13. Be3 f5 14. f4 Rae8 15. Nf3 Re6 16. Ne5 Rh6 17. Rf1 Be7 18. Bf2 Nxf2 19. Rxf2 Nf6 20. Ng3 Ne4 21. Nxe4 dxe4 22. Qe1 Bh4 23. Re2 Qd8 24. Re3 Qxd4 25. Qe2 Rd6 26. Qc4+ Qxc4 27. Nxc4 Rd4 28. Na5 Rd2 29. g3 Bd8 30. Ra3 Bb6+ 31. Kh1 Bxa5 32. Rxa5 a6 33. Rc5 g6 34. b3 Rfd8 35. a4 R8d5 36. Rc3 Re2 37. Rd1 Kf7 38. Kg1 Rdd2 39. Kf1 Rh2 40. Ke1 Rde2+ 41. Kf1 e3 42. Re1 Rhf2+ 43. Kg1 0-1

[Event "Bayern-ch (Women)"]
[Site "Westerndorf St Peter"]
[Date "2013.08.27"]
[Round "4"]
[White "Zwetz, Anita"]
[Black "Mueller, Liliane"]
[Result "1-0"]
[WhiteElo "1890"]
[BlackElo "1661"]
[PlyCount "60"]
[EventDate "2013.08.25"]
[EventType "swiss"]
[EventRounds "9"]
[EventCountry "GER"]
[SourceTitle "EXT 2019"]
[Source "ChessBase"]
[SourceDate "2018.10.10"]
[SourceVersion "1"]
[SourceVersionDate "2018.10.10"]
[SourceQuality "1"]

1. d4 e6 2. Nf3 d5 3. Bg5 Nf6 4. e3 Be7 5. Bd3 0-0 6. Nbd2 c5 7. c3 c4 8. Bc2 a6 9. 0-0 Nc6 10. e4 dxe4 11. Bxf6 Bxf6 12. Bxe4 Na5 13. Qe2 Qc7 14. Ne5 Rb8 15. Nexc4 Nxc4 16. Nxc4 b5 17. Ne3 Bb7 18. Bxb7 Qxb7 19. Ng4 Be7 20. a3 Rfd8 21. f4 Rbc8 22. f5 exf5 23. Rxf5 Rf8 24. Raf1 Qc7 25. Rh5 g6 26. Nh6+ Kg7 27. Qg4 f6 28. Nf5+ Kh8 29. Qxg6 Bd8 30. Qh6 Qf4 1-0

[Event "Bayern-ch (Women)"]
[Site "Westerndorf St Peter"]
[Date "2013.08.26"]
[Round "2"]
[White "Zwetz, Anita"]
[Black "Hastreiter, Laura"]
[Result "1-0"]
[WhiteElo "1890"]
[BlackElo "1752"]
[PlyCount "65"]
[EventDate "2013.08.25"]
[EventType "swiss"]
[EventRounds "9"]
[EventCountry "GER"]
[SourceTitle "EXT 2019"]
[Source "ChessBase"]
[SourceDate "2018.10.10"]
[SourceVersion "1"]
[SourceVersionDate "2018.10.10"]
[SourceQuality "1"]

1. d4 e6 2. Nf3 d5 3. Bg5 Be7 4. Bxe7 Qxe7 5. c3 Nf6 6. Nbd2 0-0 7. e3 Nbd7 8. Bd3 c5 9. Bc2 b5 10. 0-0 Bb7 11. Re1 Rac8 12. e4 dxe4 13. Nxe4 Nxe4 14. Bxe4 Nf6 15. Bxb7 Qxb7 16. Qe2 b4 17. c4 cxd4 18. Nxd4 Rfd8 19. Nf3 b3 20. Nd2 bxa2 21. Rxa2 Qb4 22. b3 Rd7 23. Rb2 Rcd8 24. Nf3 Rd3 25. Reb1 h6 26. h3 Ne8 27. Ne5 R3d6 28. Qf3 Nf6 29. Nc6 Rxc6 30. Qxc6 Rd2 31. Rxd2 Qxd2 32. Qa8+ Kh7 33. Qxa7 1-0

[Event "Bayern-ch (Women) 83th"]
[Site "Bayerisch Eisenstein"]
[Date "2012.08.22"]
[Round "5"]
[White "Lorenz, Oda"]
[Black "Zwetz, Anita"]
[Result "1/2-1/2"]
[WhiteElo "1706"]
[BlackElo "1758"]
[PlyCount "89"]
[EventDate "2012.08.18"]
[EventType "swiss"]
[EventRounds "9"]
[EventCountry "GER"]
[SourceTitle "EXT 2013"]
[Source "ChessBase"]
[SourceDate "2012.11.22"]
[SourceVersion "1"]
[SourceVersionDate "2012.11.22"]
[SourceQuality "1"]

1. e4 e6 2. d4 d5 3. exd5 exd5 4. c4 Nf6 5. Nc3 c6 6. Nf3 Be7 7. c5 Bg4 8. Be2 Nbd7 9. 0-0 Qc7 10. h3 Bh5 11. Nh4 Bxe2 12. Qxe2 Nf8 13. Nf5 Ne6 14. Re1 0-0 15. Nxe7+ Qxe7 16. Bf4 Qd7 17. Qd2 Nxf4 18. Qxf4 Rae8 19. b4 Re6 20. a4 Rfe8 21. Rxe6 Rxe6 22. b5 Qe8 23. Rb1 Re1+ 24. Rxe1 Qxe1+ 25. Kh2 h6 26. Qe3 Qa1 27. Qd3 Qc1 28. Ne2 Qb2 29. f3 g6 30. bxc6 bxc6 31. Qa6 Qb8+ 32. Kg1 Qc7 33. g4 g5 34. Kg2 h5 35. Ng3 hxg4 36. hxg4 Nd7 37. Qd3 Nf8 38. Qf5 Ne6 39. Nh5 Qa5 40. Nf6+ Kg7 41. Nh5+ Kf8 42. Qe5 Nf4+ 43. Nxf4 gxf4 44. Qxf4 Qxa4 45. Kf2 1/2-1/2

[Event "Bayern-ch (Women) 82nd"]
[Site "Regensburg"]
[Date "2011.08.20"]
[Round "1"]
[White "Zwetz, Anita"]
[Black "Schaefer, Ann Kathrin"]
[Result "1-0"]
[WhiteElo "1728"]
[BlackElo "1635"]
[PlyCount "115"]
[EventDate "2011.08.20"]
[EventType "swiss"]
[EventRounds "9"]
[EventCountry "GER"]
[SourceTitle "EXT 2015"]
[Source "ChessBase"]
[SourceDate "2014.11.20"]
[SourceVersion "1"]
[SourceVersionDate "2014.11.20"]
[SourceQuality "1"]

1. d4 Nf6 2. Bg5 d6 3. Nf3 Nbd7 4. Nbd2 g6 5. e3 Bg7 6. c3 0-0 7. Bd3 c5 8. 0-0 Rb8 9. Qe2 a6 10. e4 Ne8 11. Qe3 b5 12. Bh6 Nc7 13. Bxg7 Kxg7 14. Rad1 c4 15. Be2 d5 16. e5 Rb6 17. Nh4 f6 18. f4 Kh8 19. Rf3 Rg8 20. Rg3 Nf8 21. Qf2 Nfe6 22. f5 g5 23. fxe6 gxh4 24. Rxg8+ Qxg8 25. exf6 Rxe6 26. fxe7 h3 27. Bf3 Rxe7 28. Qh4 Rg7 29. g3 Qe8 30. Nf1 Qf8 31. Qh5 Be6 32. Re1 Qf6 33. Bd1 Rf7 34. Qe2 Bg4 35. Qe5 Qxe5 36. dxe5 Bxd1 37. Rxd1 Re7 38. Re1 Kg7 39. Kf2 Kg6 40. Kf3 Kf5 41. g4+ Kg5 42. Kg3 Na8 43. Nd2 Nb6 44. Nf3+ Kg6 45. Kxh3 Nd7 46. Kg3 Nc5 47. Nh4+ Kg5 48. Nf5 Re6 49. h4+ Kg6 50. Nd6 Nd3 51. h5+ Kg7 52. Nf5+ Kf7 53. Rf1 Rxe5 54. Nd4+ Kg7 55. b4 Re2 56. g5 Rxa2 57. Ne6+ Kg8 58. Rf8# 1-0

[Event "Bayern-ch (Women) 81st"]
[Site "Bad Koenigshofen"]
[Date "2010.08.27"]
[Round "7"]
[White "Lorenz, Oda"]
[Black "Zwetz, Anita"]
[Result "1-0"]
[WhiteElo "1762"]
[BlackElo "1660"]
[PlyCount "185"]
[EventDate "2010.08.22"]
[EventType "swiss"]
[EventRounds "9"]
[EventCountry "GER"]
[SourceTitle "EXT 2015"]
[Source "ChessBase"]
[SourceDate "2014.11.20"]
[SourceVersion "1"]
[SourceVersionDate "2014.11.20"]
[SourceQuality "1"]

1. e4 e6 2. d4 d5 3. exd5 exd5 4. c4 c6 5. Nf3 Bb4+ 6. Bd2 Qe7+ 7. Qe2 Be6 8. a3 Bd6 9. c5 Bc7 10. Ng5 Bf5 11. Nc3 h6 12. Qxe7+ Nxe7 13. Nf3 Nd7 14. Be2 a5 15. 0-0 g5 16. Rfe1 Kf8 17. b4 b5 18. Bf1 Ng6 19. g3 g4 20. Ne5 Ndxe5 21. dxe5 Nxe5 22. Bg2 Nc4 23. Bf4 Bxf4 24. gxf4 a4 25. Ne2 Re8 26. Nd4 Rxe1+ 27. Rxe1 Bd7 28. Ra1 Rg8 29. Bf1 Nd2 30. Kg2 f5 31. Bd3 Ne4 32. Rc1 Rg6 33. Rc2 Ke7 34. f3 gxf3+ 35. Kxf3 h5 36. Ke3 Rg1 37. Re2 h4 38. Nf3 Rg4 39. Ne5 Rg1 40. Kd4 Be8 41. Nf3 Rg4 42. Ke5 Bd7 43. Nd4 h3 44. Re3 Nd2 45. Nxf5+ Kd8 46. Rxh3 Rg8 47. Rg3 Re8+ 48. Kd4 Ne4 49. Nd6 Nxg3 50. Nxe8 Nh5 51. Nd6 Nxf4 52. Nf7+ Ke7 53. Ne5 Be8 54. Bc2 Ne6+ 55. Ke3 Kf6 56. Nf3 Bd7 57. Bd3 Be8 58. h4 Ng7 59. Nd4 Ke5 60. Be2 Bd7 61. Nf3+ Kf5 62. Bd3+ Kf6 63. Ng5 Bf5 64. Be2 Bg6 65. Kf4 Bh5 66. Bd3 Ne8 67. Nh7+ Kg7 68. Kg5 Bf7 69. h5 Nc7 70. h6+ Kh8 71. Kf6 Bg8 72. Ng5 Na6 73. Ke5 Nxb4 74. axb4 a3 75. Bb1 d4 76. Kxd4 a2 77. Bxa2 Bxa2 78. Ke5 Kg8 79. Kd6 Bd5 80. Ne6 Kh7 81. Nd8 Kxh6 82. Nxc6 Bg2 83. Nd4 Kg7 84. c6 Kf8 85. c7 Bb7 86. Nxb5 Ke8 87. Nd4 Bc8 88. b5 Bb7 89. b6 Bc8 90. Ne6 Bb7 91. Nc5 Bf3 92. c8Q+ Kf7 93. Qf5+ 1-0

[Event "Bayern-ch (Women) 81st"]
[Site "Bad Koenigshofen"]
[Date "2010.08.23"]
[Round "2"]
[White "Zwetz, Anita"]
[Black "Nieberle, Cornelia"]
[Result "0-1"]
[WhiteElo "1660"]
[BlackElo "1692"]
[PlyCount "96"]
[EventDate "2010.08.22"]
[EventType "swiss"]
[EventRounds "9"]
[EventCountry "GER"]
[SourceTitle "EXT 2015"]
[Source "ChessBase"]
[SourceDate "2014.11.20"]
[SourceVersion "1"]
[SourceVersionDate "2014.11.20"]
[SourceQuality "1"]

1. d4 d5 2. Bg5 Nf6 3. Nf3 Bf5 4. e3 e6 5. Bd3 Bg6 6. Qe2 c6 7. Nbd2 Bd6 8. Ne5 Nbd7 9. Nxg6 hxg6 10. f4 Qb6 11. Bxf6 Nxf6 12. Nb3 a6 13. g3 Nd7 14. e4 Be7 15. exd5 cxd5 16. c3 Rc8 17. Rb1 Nf6 18. Nd2 Qa5 19. a3 b5 20. 0-0 Qb6 21. Rfe1 0-0 22. Nf3 Nd7 23. Qg2 f5 24. g4 Kf7 25. Ne5+ Nxe5 26. fxe5 Rh8 27. Rf1 Rh4 28. gxf5 gxf5 29. Rf3 Rch8 30. h3 g5 31. Rbf1 Ke8 32. Rg3 Qd8 33. Kf2 Kd7 34. Ke1 Qg8 35. Rg1 Qh7 36. Rh1 Qh6 37. Bf1 g4 38. Qe2 gxh3 39. Qf3 Qc1+ 40. Qd1 Qxb2 41. Bxh3 Qxa3 42. Kf2 Qb2+ 43. Kg1 a5 44. Bg2 Rxh1+ 45. Bxh1 Qh2+ 46. Kf1 Qxg3 47. Bg2 Qxc3 48. Qe2 Qc4 0-1